| Tag |
First Indicator |
Second Indicator |
Subfields |
| LEADER |
00000cam a2200000 4500 |
| 001 |
in00000045097 |
| 005 |
20151007065221.0 |
| 008 |
741209s1925 enk 00000 eng u |
| 010 |
|
|
|a 25015832
|
| 035 |
|
|
|a (OCoLC)01101458
|
| 035 |
|
|
|9 AAE1532AM
|
| 040 |
|
|
|c YNG
|d TXA
|d UtOrBLW
|
| 041 |
1 |
|
|a eng
|a und
|
| 049 |
|
|
|a TXAM
|c [52472]
|
| 050 |
|
0 |
|a Q143.L5
|b H3 1925
|
| 092 |
|
|
|a 533.6
|b H325m
|
| 100 |
1 |
|
|a Hart, Ivor Blashka.
|
| 245 |
1 |
4 |
|a The mechanical investigations of Leonardo da Vinci /
|c by Ivor B. Hart ...
|
| 264 |
|
1 |
|a London :
|b Chapman & Hall,
|c 1925.
|
| 300 |
|
|
|a vii, 240 pages :
|b illustrations, VII plate (including frontispiece, portraits, facsimiles) diagrams ;
|c 23 cm.
|
| 336 |
|
|
|a text
|b txt
|2 rdacontent
|
| 337 |
|
|
|a unmediated
|b n
|2 rdamedia
|
| 338 |
|
|
|a volume
|b nc
|2 rdacarrier
|
| 500 |
|
|
|a "Chapters VII. and VIII. originally appeared as papers in the Journal of the Royal aeronautical society. Chapter V. was read as a paper to the Newcomen society for the study of the history of technology and engineering, and an abbreviated version of chapter VI. has appeared in the American monthly, the Open court."--Pref.
|
| 500 |
|
|
|a "'0n the flight of the birds.' Translation of a ms. by Leonardo da Vinci": pages 200-235.
|
| 600 |
1 |
0 |
|a Leonardo,
|c da Vinci,
|d 1452-1519.
|
| 650 |
|
0 |
|a Aeronautics.
|
| 650 |
|
0 |
|a Flight.
|
| 650 |
|
0 |
|a Mechanics
|x History.
|
| 999 |
|
|
|a MARS
|
| 999 |
f |
f |
|s 90a8ece6-77b4-3b08-a16a-42768c943e8b
|i e81a9cf1-4bbb-340e-95c9-80f7370f9337
|t 0
|
| 952 |
f |
f |
|p normal
|a Texas A&M University
|b College Station
|c Sterling C. Evans Library
|d Evans: Library Stacks
|t 0
|e Q143.L5 H3 1925
|h Library of Congress classification
|i unmediated -- volume
|m A14800915448
|
| 998 |
f |
f |
|a Q143.L5 H3 1925
|t 0
|l Evans: Library Stacks
|